| 000 | 01075nam2a2200277 4500 | ||
|---|---|---|---|
| 001 | RU\NLR\bibl\1263594 | ||
| 005 | 20250615131958.0 | ||
| 010 |
_a978-5-9942-0062-9 _914050 |
||
| 021 |
_aRU _b2008-47186 _92606 |
||
| 035 | _a(NLR Aleph) 001249560 | ||
| 090 |
_a310307 _c310307 |
||
| 100 | _a20080820d2008 |||y0rusy50 ca | ||
| 101 | 1 |
_arus _cger |
|
| 102 | _aRU | ||
| 105 | _aa ||||||||| | ||
| 200 | 1 | _a[Отряд хищные] | |
| 210 |
_d2008 _aБ. м. |
||
| 215 |
_a286, [1] с. , [4] л. цв. ил. _cил. |
||
| 461 | 0 |
_1001RU\NLR\bibl\1282278 _12001#$aЖизнь животных$vТ. 3 _9421237 _aБрем, А. Э. (1829-1884) _cСанкт-Петербург _d2008 _fАльфред Брем _iМлекопитающие _nЛенинградское изд-во _o[перевод с немецкого] _tЖизнь животных _vТ. 3 |
|
| 606 | 1 |
_aХищные млекопитающие _9984895 _3RU\NLR\auth\6652990 |
|
| 686 | _aЕ693.363.7 | ||
| 801 | 0 |
_aRU _bNLR _c20080820 _gRCR |
|
| 801 | 1 |
_aRU _bNLR _c20080820 |
|
| 942 | _cBOOK | ||
| 980 | _aNB | ||